Statistics for European Coastal Countries NOT bordering Landlocked Countries

Click here to take the quiz!

General Stats

  • This quiz has been taken 650 times
  • The average score is 11 of 12

Answer Stats

Country% Correct
Norway
97%
Portugal
97%
Sweden
97%
United Kingdom
97%
Finland
95%
Ireland
95%
Denmark
93%
Estonia
91%
Netherlands
86%
Iceland
85%
Malta
80%
Monaco
70%

Score Distribution

Percentile by Number Answered

Percent of People with Each Score

Your Score History

You have not taken this quiz